000 00311nam a22001337a 4500
008 210519b ||||| |||| 00| 0 eng d
041 _aeng
080 _22nd
_a311
082 _a311
100 _a55
101 _aSTA
245 _aFoundations of the Theory of Probability
_cA. N. Kolmogorov
942 _2udc
_cBK
999 _c57524
_d57524